000
00356nam a2200157Ia 4500
999
_c
401
_d
401
003
OSt
005
20200311045429.0
008
200302s9999 xx 000 0 und d
020
_a
9788176710053
100
_a
R. Barry
245
_a
The Construction of Buildings Vol 5
260
_b
Granada Publishing
260
_c
1980
300
_a
108 P.,
942
_2
ddc